00761nam a2200253 a 4500001001300000003000900013005001700022008004100039020002500080082001700105100001500122245005100137260003300188300000900221500003500230505001000265650004000275650001700315700001500332902000800347942000700355952013000362999001500492nice12345678IN_TiNIC20260116013158.0050524s1994 newa grp 000 0 eng  a0883443 c857.500a241.697bDEA aDear, John aGod of Peace, Toward a Theology on Nonviolence aNew YorkbOrbis Books c1994 a212p aincludes index and biblioraphy2 aIndex aPeace-Religious Aspect-Christianity aNon-Violence1 aDear, John bSRS cBK 001040708StackRoom-aHMIbHMId2011-10-17g857.50l1o241.697 DEAp016560r2017-09-18s2017-09-06v857.50w2005-05-24yBK c9998d9998